| 000 | 00752nam a22002297a 4500 | ||
|---|---|---|---|
| 005 | 20170124110117.0 | ||
| 010 | _aB-079976 | ||
| 020 |
_c00.00 _a817279056 |
||
| 035 | _aB-079976 | ||
| 037 | _bCen Lib/Ret | ||
| 040 |
_aDPL _bEN |
||
| 082 |
_a915.413 _bGUP |
||
| 100 |
_aGupta, S.K. _920336 |
||
| 245 |
_aTourism and heritage resources in Garhwal Himalaya : _cby S.K. Gupta _ban approach to planning and management / |
||
| 260 |
_aNew Delhi _bKaveri Books _c1966 |
||
| 270 |
_a4697/5A, Ansari Road _bNew Delhi _e110002 |
||
| 300 |
_axiv, 417p. _c21cm(Hb) |
||
| 500 | _aIncludes bibliographical reference and index | ||
| 650 |
_aTourism _9106085 |
||
| 650 |
_aGarhwal (India : Region) _930133 |
||
| 942 |
_2ddc _cEN _h915.413 _mGUP |
||
| 999 |
_c130799 _d130799 |
||